000 01269nam a2200229Ia 4500
001 L230-5695
003 IT-CnALBA
008 170116s9999||||xx |||||||||||||| ||und||
040 _aIT-CnALBA
_cIT-CnALBA
041 _aLATINO
100 _aDIEKAMP FRANCESCO
245 0 _aTHEOLOGIAE DOGMATICAE MANUALE SECUNDUM PRINCIPIA S. THOMAE. VOL. I. INTRODUCTIO. DE DEO UNO. DE DEO TRINO.
250 _a3a ed.
260 _a ROMA PARIS TOURNAI
_bDESCLEE & C. EDIT.
_c1949 [1° Ed.: n.d.]
300 _a416 p. (prefazione: 57)
500 _aCURATORE HOFFMANN ADOLFO. INDICE ANALITICO. TEOLOGIA IN GENERALE. NOZIONI. DOGMATICA. SCRITTURA. TRADIZIONE. MAGISTERO. STORIA DEL DOGMA. UNITÀ ESISTENZA NATURA ESSENZA ATTRIBUTI DI DIO. SCIENZA VOLONTÀ PROVVIDENZA PREDESTINAZIONE POTENZA DI DIO. MISTERO
501 _aSocietà San Paolo EM - Piazza San Paolo, 14 - 12051 ALBA (CN) (non commercial uses only) ® Copyright 2017
520 _aCURATORE HOFFMANN ADOLFO. INDICE ANALITICO. TEOLOGIA IN GENERALE. NOZIONI. DOGMATICA. SCRITTURA. TRADIZIONE. MAGISTERO. STORIA DEL DOGMA. UNITÀ ESISTENZA NATURA ESSENZA ATTRIBUTI DI DIO. SCIENZA VOLONTÀ PROVVIDENZA PREDESTINAZIONE POTENZA DI DIO. MISTERO
650 _aDOGMATICA CRISTIANA
942 _cBK
957 _71
999 _a6674
_bSI
_g Copie: 1
_c264880
_d264880